书目信息 |
| 题名: |
新视野大学英语同步学习指导
|
|
| 作者: | 吴宏军 , 杨玉好 主编 ;孙艳秋 编 | |
| 分册: | 3 | |
| 出版信息: | 青岛 中国海洋大学出版社 2003.8 |
|
| 页数: | 334页 | |
| 开本: | 26cm | |
| 丛书名: | ||
| 单 册: | ||
| 中图分类: | H31 | |
| 科图分类: | ||
| 主题词: | 英语--ying yu--高等学校--教学参考资料 , 英语--ying yu | |
| 电子资源: | ||
| ISBN: | 7-81067-480-3 | |
| 000 | 01237nam0 2200349 450 | |
| 000 | 01264nam0 2200349 450 | |
| 000 | 01227nam0 2200337 450 | |
| 000 | 01210nam0 2200337 450 | |
| 000 | 01173nam0 2200325 450 | |
| 001 | CAL 012006069783 | |
| 005 | 20061030144919.14 | |
| 010 | @a7-81067-480-3@dCNY23.00 | |
| 099 | @aCAL 012006069783 | |
| 100 | @a20060825d2003 em y0chiy0120 ea | |
| 101 | 0 | @achi@aeng |
| 102 | @aCN@b370000 | |
| 105 | @ay zq 000yy | |
| 200 | 1 | @a新视野大学英语同步学习指导@Axin shi ye da xue ying yu tong bu xue xi zhi dao@h3@f吴宏军, 杨玉好主编@g孙艳秋等编 |
| 210 | @a青岛@c中国海洋大学出版社@d2003.8 | |
| 215 | @a334页@d26cm | |
| 304 | @a本书编者为: 孙艳秋、李馨、杨京等 | |
| 330 | @a本书构思新颖, 具有概括性强、覆盖面广、有的放矢等特点, 对教材的各部分进行了详尽的讲解, 基本上分为背景知识、核心词汇、短语、句型结构、课文译文及练习题答案。 | |
| 333 | @a阅读对象: 大学生 | |
| 510 | 1 | @aNew hodizon college English@zeng |
| 606 | 0 | @a英语@Aying yu@x高等学校@j教学参考资料 |
| 606 | 0 | @a英语@Aying yu |
| 690 | @aH31@v4 | |
| 701 | 0 | @a吴宏军@Awu hong jun@4主编 |
| 701 | 0 | @a杨玉好@Ayang yu hao@4主编 |
| 702 | 0 | @a孙艳秋@Asun yan qiu@4编 |
| 801 | 0 | @aCN@c20061030 |
| 905 | @a10447@dH31@eW790 | |
| 新视野大学英语同步学习指导.3/吴宏军, 杨玉好主编/孙艳秋等编.-青岛:中国海洋大学出版社,2003.8 |
| 334页;26cm |
| 使用对象:阅读对象: 大学生 |
| ISBN 7-81067-480-3:CNY23.00 |
| 本书构思新颖, 具有概括性强、覆盖面广、有的放矢等特点, 对教材的各部分进行了详尽的讲解, 基本上分为背景知识、核心词汇、短语、句型结构、课文译文及练习题答案。 |
| ● |
| 相关链接 |
|
|
|
正题名:新视野大学英语同步学习指导
索取号:H31/W790
 
预约/预借
| 序号 | 登录号 | 条形码 | 馆藏地/架位号 | 状态 | 备注 |
| 1 | 633474 | 206334741 | 语言库209/209语言库 87排4列6层/ [索取号:H31/W790] | 在馆 | |
| 2 | 633475 | 206334750 | 语言库209/209语言库 87排4列6层/ [索取号:H31/W790] | 在馆 | |
| 3 | 633476 | 206334769 | 语言库209/209语言库 87排4列6层/ [索取号:H31/W790] | 在馆 |